[Event "Barbera del Valles"]
[Site "XXXI Open del Valles"]
[Date "2008.07.10"]
[Round "6"]
[White "Gonzalez Vidal, Yuri"]
[Black "Asis Gargatagli, Hipolit"]
[Result "1-0"]
[WhiteElo "2464"]
[BlackElo "2396"]
[PlyCount "181"]
[EventDate "2008.07.??"]
[EventType "swiss"]
[EventRounds "9"]
[EventCountry "ESP"]
[SourceDate "2008.07.04"]

1. e4 e5 2. Nf3 Nc6 3. Bc4 Nf6 4. d3 h6 5. O-O d6 6. c3 g6 7. d4 Qe7 8. Re1 Bg7
9. dxe5 Nxe5 10. Nxe5 dxe5 11. b3 O-O 12. Ba3 c5 13. Bd5 Rd8 14. c4 Rb8 15. Nc3
Bg4 16. Qd2 b6 17. h3 Bd7 18. Rad1 Be8 19. Re3 Kh7 20. Rd3 Nh5 21. Ne2 Bf6 22.
Bb2 a6 23. Qc1 b5 24. Qa1 bxc4 25. Bxc4 Bb5 26. Bxb5 axb5 27. Rd5 Rxd5 28. Rxd5
Rd8 29. Qd1 Rxd5 30. Qxd5 Nf4 31. Nxf4 exf4 32. e5 Bg7 33. a4 bxa4 34. bxa4 Qa7
35. Qc4 Qb7 36. Qc3 Qa6 37. Qc2 c4 38. Bc3 Kg8 39. a5 Qb5 40. Qe4 Qb3 41. Qd4
Qa3 42. Kh2 f3 43. g4 Qa2 44. Kg3 Kh7 45. Kxf3 Qa4 46. Ke4 Qb5 47. Qd2 Qb1+ 48.
Kf3 Qh1+ 49. Ke2 Qxh3 50. Qd4 Qg2 51. Qxc4 Qa8 52. Qxf7 Qc8 53. Kd2 Qd8+ 54.
Kc2 Qc8 55. Qf4 Qe6 56. Kb2 Qa6 57. Kb3 Qb5+ 58. Qb4 Qd5+ 59. Ka3 Qd3 60. Ka4
Qd1+ 61. Qb3 Qxg4+ 62. Ka3 h5 63. a6 Qd7 64. Kb2 Qa7 65. Qb7 Qxf2+ 66. Kb3 Qf1
67. a7 Qb1+ 68. Bb2 Qd3+ 69. Kb4 Qc2 70. a8=Q Qxb2+ 71. Kc4 Qc2+ 72. Kb5 Qb3+
73. Ka6 Qa4+ 74. Kb6 Qb4+ 75. Ka7 Qa5+ 76. Qa6 Qxe5 77. Q8c6 Qf5 78. Kb7 Qf7+
79. Qc7 Qb3+ 80. Qab6 Qf3+ 81. Qcc6 Qf7+ 82. Ka6 Qa2+ 83. Qa5 Qe2+ 84. Qab5
Qa2+ 85. Qa4 Qf7 86. Qac4 Qe7 87. Q6e6 Qa3+ 88. Kb7 Qb2+ 89. Kc8 Qd2 90. Qg8+
Kh6 91. Qc7 1-0

[Event "Barbera del Valles"]
[Site "XXXI Open del Valles"]
[Date "2008.07.10"]
[Round "6"]
[White "Rojas, Luis"]
[Black "Narciso Dublan, Marc"]
[Result "0-1"]
[WhiteElo "2406"]
[BlackElo "2525"]
[PlyCount "64"]
[EventDate "2008.07.??"]
[EventType "swiss"]
[EventRounds "9"]
[EventCountry "ESP"]
[SourceDate "2008.07.04"]

1. e4 e6 2. d4 d5 3. Nd2 c5 4. Ngf3 Nf6 5. exd5 exd5 6. Bb5+ Bd7 7. Bxd7+ Nbxd7
8. O-O Be7 9. dxc5 Nxc5 10. Re1 O-O 11. Nf1 Re8 12. Be3 a5 13. Nd4 Qd7 14. Qf3
g6 15. Rad1 Ra6 16. Nb3 Nce4 17. Bd4 a4 18. Nc1 a3 19. b3 Qc8 20. Re2 Rc6 21.
c4 b5 22. Nd3 bxc4 23. Ne5 Re6 24. bxc4 Bc5 25. Nxf7 Bxd4 26. Rxd4 Kxf7 27.
cxd5 Re5 28. Qxa3 Nc3 29. Rxe5 Rxe5 30. Rd2 Re1 31. Qa7+ Kg8 32. Qd4 Qa6 0-1

[Event "Barbera del Valles"]
[Site "XXXI Open del Valles"]
[Date "2008.07.10"]
[Round "6"]
[White "Cuartas, Jaime Alexander"]
[Black "Mihailovs, Jurijs"]
[Result "1/2-1/2"]
[WhiteElo "2495"]
[BlackElo "2388"]
[PlyCount "104"]
[EventDate "2008.07.??"]
[EventType "swiss"]
[EventRounds "9"]
[EventCountry "ESP"]
[SourceDate "2008.07.04"]

1. e4 c5 2. Nf3 e6 3. c3 d5 4. exd5 Qxd5 5. d4 Nf6 6. Na3 Qd8 7. Nc4 Nc6 8.
Nce5 Nxe5 9. Nxe5 a6 10. Be3 Qc7 11. Qa4+ Bd7 12. Nxd7 Qxd7 13. Qxd7+ Nxd7 14.
Be2 cxd4 15. Bxd4 e5 16. Be3 Bc5 $11 17. Bxc5 Nxc5 18. O-O-O Rd8 19. Rxd8+ Kxd8
20. b4 Ne6 21. Bf3 Kc7 22. Rd1 Rd8 23. Rxd8 Nxd8 24. Bd5 Kd6 25. c4 b6 26. Kd2
f6 27. a3 Nc6 $11 28. Bxc6 Kxc6 29. g4 g6 30. Ke3 f5 31. gxf5 gxf5 32. Kf3 Kd6
33. Kg3 h6 34. Kf3 Kc6 35. Kg2 Kd7 36. Kh3 Kd6 37. Kg3 Kc6 38. f3 Kd6 39. h3
Kc6 40. Kf2 Kd6 $11 41. Ke3 h5 42. h4 Kc6 43. Kd3 Kd6 44. Kc3 Kc6 45. Kd2 Kd6
46. Ke2 Kc6 47. f4 e4 48. Ke3 Kd6 49. Kd4 Kc6 50. Kc3 Kd6 51. Kd4 Kc6 52. Kc3
Kd6 1/2-1/2

[Event "Barbera del Valles"]
[Site "XXXI Open del Valles"]
[Date "2008.07.10"]
[Round "6"]
[White "Barsov, Alexei"]
[Black "Perpinya Rofes, Lluis Maria"]
[Result "1-0"]
[WhiteElo "2481"]
[BlackElo "2385"]
[PlyCount "135"]
[EventDate "2008.07.??"]
[EventType "swiss"]
[EventRounds "9"]
[EventCountry "ESP"]
[SourceDate "2008.07.04"]

1. d4 Nf6 2. Nf3 g6 3. c4 Bg7 4. g3 d5 5. cxd5 Nxd5 6. Bg2 Nb6 7. Nc3 Nc6 8. e3
O-O 9. O-O e5 10. d5 e4 11. dxc6 Qxd1 12. Rxd1 exf3 13. Bxf3 bxc6 14. Bd2 Nc4
15. Na4 Bf5 16. Bc3 Bxc3 17. bxc3 Ne5 18. Bg2 Bg4 19. Rdb1 Rab8 20. Nc5 Rfd8
21. Rb3 Rb6 22. Ra3 Rdb8 23. Nb3 Be6 24. Ra5 f6 25. Rxa7 Bxb3 26. axb3 Rxb3 27.
Rxc7 Rb1+ 28. Rxb1 Rxb1+ 29. Bf1 Rc1 30. c4 Nf3+ 31. Kg2 Ne1+ 32. Kh3 Nf3 33.
Bg2 Ng5+ 34. Kh4 Rxc4+ 35. g4 Ne4 36. Bxe4 Rxe4 37. Rxc6 f5 38. h3 f4 39. Rc8+
Kg7 40. Rc7+ Kg8 41. Rc3 Kg7 42. Kg5 h6+ 43. Kh4 Kf6 44. Rd3 Ke5 45. exf4+ Rxf4
46. Kg3 Ra4 47. Rf3 Ke6 48. Rf8 Ra3+ 49. f3 Ra5 50. h4 Ke7 51. Rh8 h5 52. Rh7+
Ke6 53. g5 Ra6 54. Rg7 Kf5 55. Rf7+ Ke5 56. f4+ Ke4 57. Re7+ Kd5 58. Kf3 Ra3+
59. Re3 Ra1 60. Rb3 Rf1+ 61. Ke3 Re1+ 62. Kf2 Re6 63. Rd3+ Kc4 64. Rd8 Kc5 65.
Kf3 Re1 66. Rg8 Re6 67. f5 gxf5 68. g6 1-0

[Event "Barbera del Valles"]
[Site "XXXI Open del Valles"]
[Date "2008.07.10"]
[Round "6"]
[White "Perez Mitjans, Orelvis"]
[Black "Ipatov, Alexander"]
[Result "1/2-1/2"]
[WhiteElo "2441"]
[BlackElo "2433"]
[PlyCount "36"]
[EventDate "2008.07.??"]
[EventType "swiss"]
[EventRounds "9"]
[EventCountry "ESP"]
[SourceDate "2008.07.04"]

1. e4 c5 2. Nf3 d6 3. d4 cxd4 4. Nxd4 Nf6 5. Nc3 g6 6. Be3 Bg7 7. f3 Nc6 8. Qd2
O-O 9. g4 Bd7 10. h4 Rc8 11. h5 Ne5 12. O-O-O Qa5 13. Kb1 Rxc3 14. Qxc3 Qxc3
15. bxc3 Nxf3 16. hxg6 hxg6 17. Nxf3 Bxg4 18. Bg2 Nxe4 1/2-1/2

[Event "Barbera del Valles"]
[Site "XXXI Open del Valles"]
[Date "2008.07.10"]
[Round "6"]
[White "Leroy, Christophe"]
[Black "Fluvia Poyatos, Jordi"]
[Result "0-1"]
[WhiteElo "2157"]
[BlackElo "2500"]
[PlyCount "94"]
[EventDate "2008.07.??"]
[EventType "swiss"]
[EventRounds "9"]
[EventCountry "ESP"]
[SourceDate "2008.07.04"]

1. e4 c5 2. Nf3 d6 3. d4 cxd4 4. Nxd4 Nf6 5. Nc3 g6 6. Be3 Bg7 7. Bc4 a6 8. f3
Nbd7 9. Qd2 b5 10. Bb3 Bb7 11. O-O-O Rc8 12. Bh6 Bxh6 13. Qxh6 Rxc3 14. bxc3
Qc7 15. Qg7 Rf8 16. e5 Nxe5 17. Rhe1 Qxc3 18. Kb1 Bd5 19. Bxd5 Nxd5 20. Rxe5
dxe5 21. Qxe5 e6 22. Rd3 Qc4 23. Nb3 Ke7 24. Rd4 Qc6 25. Rh4 Rd8 26. Rxh7 Nc3+
27. Kb2 Na4+ 28. Kc1 Qc3 29. Qxc3 Nxc3 30. Kb2 Nd1+ 31. Kc1 Ne3 32. g3 Rc8 33.
Na1 Rc3 34. Rh8 Nc4 35. Kd1 Rxf3 36. Nb3 Rf2 37. Ra8 Ne3+ 38. Ke1 Rxh2 39. Rxa6
Nxc2+ 40. Kd1 Ne3+ 41. Ke1 Kf6 42. Ra5 Nc4 43. Rxb5 Rxa2 44. g4 Rg2 45. Rb4 Ne5
46. Nc5 Rxg4 47. Nd7+ Kg7 0-1

[Event "Barbera del Valles"]
[Site "XXXI Open del Valles"]
[Date "2008.07.10"]
[Round "6"]
[White "Tsatsalashvili, Keti"]
[Black "Danelia, Mariam"]
[Result "1-0"]
[WhiteElo "2271"]
[BlackElo "2185"]
[PlyCount "117"]
[EventDate "2008.07.??"]
[EventType "swiss"]
[EventRounds "9"]
[EventCountry "ESP"]
[SourceDate "2008.07.04"]

1. d4 Nf6 2. c4 e6 3. Nf3 b6 4. e3 Bb7 5. a3 c5 6. Nc3 cxd4 7. Nxd4 Be7 8. Be2
O-O 9. O-O Nc6 10. Bf3 a6 11. b3 Rc8 12. Bb2 Qc7 13. Rc1 Qb8 14. Qe2 Rfd8 15.
Rfd1 Ne5 16. Bxb7 Qxb7 17. e4 d6 18. f3 Nfd7 19. Qe3 Bf6 20. Rd2 Nc5 21. Nce2
Re8 22. Ng3 Ng6 23. Re1 Bh4 24. Nde2 Qe7 25. f4 f6 26. Qf3 Red8 27. Red1 Bxg3
28. Nxg3 b5 29. cxb5 axb5 30. Ne2 Rd7 31. Nd4 Rb7 32. b4 Na4 33. g3 Nb6 34. Qb3
Nc4 35. Rc2 Qd7 36. Rdc1 Rbc7 37. f5 exf5 38. exf5 Nge5 39. Ne6 Rc6 40. Bxe5
fxe5 41. h3 Kh8 42. Kh2 Ra6 43. Qd3 Rca8 44. Nc5 e4 45. Qd1 Qxf5 46. Nxa6 Rxa6
47. Qf1 Qxf1 48. Rxf1 h6 49. Rc3 d5 50. Rf8+ Kh7 51. Rd8 e3 52. Rxd5 e2 53. Rc1
Re6 54. Re1 Nxa3 55. Rd2 Re4 56. Rb2 Re3 57. Rbxe2 Rb3 58. Re3 Rb2+ 59. R1e2
1-0

[Event "Barbera del Valles"]
[Site "XXXI Open del Valles"]
[Date "2008.07.10"]
[Round "6"]
[White "Lasinskas, Povilas"]
[Black "Alonso Moyano, Jonathan"]
[Result "1-0"]
[WhiteElo "2269"]
[BlackElo "2372"]
[PlyCount "65"]
[EventDate "2008.07.??"]
[EventType "swiss"]
[EventRounds "9"]
[EventCountry "ESP"]
[SourceDate "2008.07.04"]

1. d4 f5 2. e4 fxe4 3. Nc3 Nf6 4. Bg5 Nc6 5. d5 Ne5 6. Qd4 Nf7 7. f4 c6 8.
O-O-O Qb6 9. Bxf6 gxf6 10. Qxe4 e6 11. dxe6 dxe6 12. Be2 Qb4 13. Rd4 Qe7 14.
Nf3 Bd7 15. Rhd1 O-O-O 16. Qe3 e5 17. Ra4 Qc5 18. Qxc5 Bxc5 19. fxe5 Nxe5 20.
Ne4 Be3+ 21. Kb1 Nxf3 22. Bxf3 Rhf8 23. Ra3 Bb6 24. Rad3 f5 25. Nd6+ Kc7 26.
Nxb7 Kxb7 27. Rxd7+ Bc7 28. Rxh7 Rxd1+ 29. Bxd1 Rd8 30. Bf3 Rd2 31. a3 Kb6 32.
h4 c5 33. Rf7 1-0

[Event "Barbera del Valles"]
[Site "XXXI Open del Valles"]
[Date "2008.07.10"]
[Round "6"]
[White "Capellades Subirana, Marc"]
[Black "Ryan, Joseph"]
[Result "1-0"]
[WhiteElo "2265"]
[BlackElo "2331"]
[PlyCount "107"]
[EventDate "2008.07.??"]
[EventType "swiss"]
[EventRounds "9"]
[EventCountry "ESP"]
[SourceDate "2008.07.04"]

1. e4 c5 2. Nf3 g6 3. d4 cxd4 4. Nxd4 Nc6 5. Nxc6 bxc6 6. Bc4 Bg7 7. O-O d6 8.
Nc3 Nf6 9. h3 O-O 10. Bg5 Qa5 11. Qd2 Re8 12. Bh6 Bh8 13. Rfe1 Nd7 14. Re3 Ne5
15. Bb3 Ba6 16. Rd1 Rab8 17. f4 Nc4 18. Bxc4 Bxc4 19. b3 Ba6 20. Kh1 Rb4 21.
Ne2 Bxe2 22. Rxe2 Rb5 23. f5 Qxa2 24. Rf1 Qb2 25. Ref2 Bc3 26. Qg5 Bf6 27. Qg4
Qe5 28. Qf3 Rb4 29. Re2 Qc3 30. Qf2 Rb5 31. Qxa7 Qa5 32. Qf2 Qc3 33. Re3 Qd4
34. g4 Bh4 35. Qxh4 Re5 36. Qf2 Rxe4 37. fxg6 f6 38. gxh7+ Kf7 39. Rxe4 Qxe4+
40. Qg2 Qxh7 41. g5 d5 42. c4 Rd8 43. Qg4 d4 44. Rg1 Qg6 45. h4 f5 46. Rf1 Ke6
47. Qe2+ Kd6 48. Re1 e6 49. Qe5+ Ke7 50. Bg7 Kd7 51. Bf6 Re8 52. Qxd4+ Kc7 53.
Ra1 Qh5 54. Be5+ 1-0

[Event "Barbera del Valles"]
[Site "XXXI Open del Valles"]
[Date "2008.07.10"]
[Round "6"]
[White "Canal Oliveras, Joan"]
[Black "Douriet, Alexis"]
[Result "1/2-1/2"]
[WhiteElo "2241"]
[BlackElo "2315"]
[PlyCount "128"]
[EventDate "2008.07.??"]
[EventType "swiss"]
[EventRounds "9"]
[EventCountry "ESP"]
[SourceDate "2008.07.04"]

1. d4 g6 2. e4 Bg7 3. Nc3 d6 4. Be3 Nf6 5. Qd2 a6 6. Bh6 Bxh6 7. Qxh6 c5 8.
dxc5 Be6 9. Nf3 Nbd7 10. cxd6 Qb6 11. O-O-O Ng4 12. Qg7 O-O-O 13. dxe7 Rdg8 14.
e8=Q+ Rxe8 15. Na4 Qxf2 16. Qd4 Qxd4 17. Rxd4 f6 18. Bc4 Ne3 19. Bxe6 Rxe6 20.
Rxd7 Kxd7 21. Nc5+ Ke7 22. Nxe6 Kxe6 23. g3 Rc8 24. c3 Rc4 25. Nd4+ Ke5 26. Re1
Ng4 27. Re2 h5 28. Kd2 Rc8 29. h3 Nh6 30. Ke3 Nf7 31. Rc2 Nd6 32. Nf3+ Ke6 33.
b3 b5 34. Nd2 f5 35. Rc1 g5 36. c4 bxc4 37. bxc4 Rc5 38. exf5+ Nxf5+ 39. Kf2
Ra5 40. Rc2 Ra3 41. Nb3 a5 42. c5 a4 43. Nd2 Rxg3 44. c6 Rxh3 45. c7 Ne7 46.
c8=Q+ Nxc8 47. Rxc8 Rh2+ 48. Ke3 Kf5 49. Rc5+ Kg6 50. Rc6+ Kf7 51. Rc4 Rh3+ 52.
Ke4 Rh4+ 53. Kf5 Rxc4 54. Nxc4 g4 55. Kf4 Ke6 56. Nb6 a3 57. Nc4 Kd5 58. Nxa3
Kc5 59. Nc2 Kb5 60. Kg3 Ka4 61. Kh4 Ka5 62. Kxh5 g3 63. Ne3 Ka4 64. Kh4 Ka3
1/2-1/2

[Event "Barbera del Valles"]
[Site "XXXI Open del Valles"]
[Date "2008.07.10"]
[Round "6"]
[White "Obon Temprano, Sergi"]
[Black "Guramishvili, Sopiko"]
[Result "1/2-1/2"]
[WhiteElo "2211"]
[BlackElo "2302"]
[PlyCount "69"]
[EventDate "2008.07.??"]
[EventType "swiss"]
[EventRounds "9"]
[EventCountry "ESP"]
[SourceDate "2008.07.04"]

1. Nc3 d5 2. e4 c6 3. Nf3 a6 4. g3 d4 5. Ne2 c5 6. d3 Nc6 7. Bg2 e5 8. Nd2 Bd6
9. Nc4 Bc7 10. a4 Be6 11. b3 b5 12. Nd2 Nh6 13. O-O f6 14. h3 Nf7 15. f4 Nd6
16. g4 O-O 17. f5 Bf7 18. Nf3 c4 19. axb5 axb5 20. Rxa8 Qxa8 21. bxc4 bxc4 22.
g5 Ba5 23. Ng3 cxd3 24. cxd3 Kh8 25. g6 hxg6 26. Nh4 Qe8 27. fxg6 Bxg6 28. Qg4
Ne7 29. Ba3 Bc7 30. Ngf5 Bxf5 31. exf5 g5 32. fxg6 Kg7 33. Bxd6 Bxd6 34. Be4
Qc8 35. Qxc8 1/2-1/2

[Event "Barbera del Valles"]
[Site "XXXI Open del Valles"]
[Date "2008.07.10"]
[Round "6"]
[White "Mestre Bellido, Hector"]
[Black "Vigo Allepuz, David"]
[Result "1-0"]
[WhiteElo "2284"]
[BlackElo "2156"]
[PlyCount "69"]
[EventDate "2008.07.??"]
[EventType "swiss"]
[EventRounds "9"]
[EventCountry "ESP"]
[SourceDate "2008.07.04"]

1. e4 e6 2. d4 d5 3. Nd2 Nf6 4. e5 Nfd7 5. Bd3 c5 6. c3 Nc6 7. Ne2 cxd4 8. cxd4
f6 9. exf6 Nxf6 10. Nf3 Bd6 11. O-O O-O 12. Bf4 Nh5 13. Bxd6 Qxd6 14. Qc2 Nf6
15. Ng3 e5 16. dxe5 Nxe5 17. Nxe5 Qxe5 18. Rfe1 Qd6 19. Rad1 Bg4 20. f3 Rac8
21. Qb3 Qc5+ 22. Kh1 Kh8 23. fxg4 Nxg4 24. h3 Nf2+ 25. Kh2 Nxh3 26. Bf5 Nf4 27.
Bxc8 Qxc8 28. Rf1 Rf6 29. Qe3 Rh6+ 30. Kg1 Nxg2 31. Kxg2 Qh3+ 32. Kf2 Re6 33.
Rh1 Qg4 34. Qd3 h6 35. Rde1 1-0

[Event "Barbera del Valles"]
[Site "XXXI Open del Valles"]
[Date "2008.07.10"]
[Round "6"]
[White "Esquivel, Luis"]
[Black "Sanchez Romero, Miguel Angel"]
[Result "1-0"]
[WhiteElo "2178"]
[BlackElo "2259"]
[PlyCount "91"]
[EventDate "2008.07.??"]
[EventType "swiss"]
[EventRounds "9"]
[EventCountry "ESP"]
[SourceDate "2008.07.04"]

1. e4 e5 2. Nf3 Nc6 3. Bc4 Nf6 4. d3 Be7 5. c3 O-O 6. Bb3 d5 7. Qe2 d4 8. O-O
Bc5 9. h3 Qd6 10. Nbd2 b5 11. a4 b4 12. Nc4 Qe7 13. cxd4 Nxd4 14. Nxd4 Bxd4 15.
Ne3 Ba6 16. Bc4 Bxc4 17. Nf5 Qe6 18. dxc4 Rad8 19. Bg5 Rd7 20. Kh1 h6 21. Bh4
Kh7 22. Rad1 Rfd8 23. b3 Qc6 24. f3 g5 25. Be1 Nh5 26. Bxb4 Qb6 27. Bd2 Qxb3
28. f4 Nxf4 29. Bxf4 exf4 30. Rxd4 Qxa4 31. Qh5 Qa6 32. Rd6 Qxd6 33. Nxd6 cxd6
34. Qg4 Re7 35. Qf5+ Kg7 36. Rd1 f6 37. Rd5 Rc7 38. c5 Rxc5 39. Rxc5 dxc5 40.
Qxc5 Rd1+ 41. Kh2 Rd7 42. h4 g4 43. Qf5 g3+ 44. Kh3 Re7 45. h5 Re5 46. Qg6+ 1-0

[Event "Barbera del Valles"]
[Site "XXXI Open del Valles"]
[Date "2008.07.10"]
[Round "6"]
[White "Palacios Pena, Gerardo"]
[Black "Pellus Ruiz, Josep"]
[Result "1/2-1/2"]
[WhiteElo "2034"]
[BlackElo "2219"]
[PlyCount "143"]
[EventDate "2008.07.??"]
[EventType "swiss"]
[EventRounds "9"]
[EventCountry "ESP"]
[SourceDate "2008.07.04"]

1. d4 Nf6 2. Nf3 g6 3. Bf4 Bg7 4. Nc3 c5 5. Qd2 cxd4 6. Nxd4 Nc6 7. O-O-O Nxd4
8. Qxd4 O-O 9. f3 d6 10. Qd2 Be6 11. Bh6 Qa5 12. Bxg7 Kxg7 13. e4 b5 14. Qg5 a6
15. h4 h6 16. Qe3 b4 17. Nb1 Qxa2 18. h5 g5 19. f4 gxf4 20. Qxf4 Qa5 21. Bd3
Qg5 22. g3 Bg4 23. Rdf1 Nxh5 24. Qxg5+ hxg5 25. Rf2 Nf6 26. Nd2 Rh8 27. Rg1 Nd7
28. Bc4 Ne5 29. Bd5 Rab8 30. Nc4 e6 31. Nxe5 dxe5 32. Bc4 Bh5 33. b3 Bg6 34.
Re2 Rbd8 35. Kb2 Rd4 36. Bd3 Ra8 37. Ra1 a5 38. Re3 Kf6 39. g4 Ke7 40. Re2 Kd6
41. Re3 Kc5 42. Re2 Kb6 43. Rh1 Rdd8 44. Reh2 Kc5 45. Rh3 Kd4 46. Re1 Rh8 47.
Rg3 Rh2 48. Bb5 Rc8 49. Rd3+ Kc5 50. Bc4 Rg2 51. Ra1 Ra8 52. Re1 a4 53. Rd7 a3+
54. Kb1 Bxe4 55. Bd3 Bxd3 56. Rxd3 e4 57. Rd7 f5 58. Red1 Ra6 59. gxf5 Rc6 60.
fxe6 Rxe6 61. R7d5+ Kc6 62. Ra5 Kb6 63. Rdd5 Rc6 64. Rdb5+ Kc7 65. Rxb4 Rcxc2
66. Rxa3 Rcf2 67. Rc4+ Kb6 68. Raa4 Rf1+ 69. Rc1 Rxc1+ 70. Kxc1 e3 71. Kd1 Kc5
72. Re4 1/2-1/2

[Event "Barbera del Valles"]
[Site "XXXI Open del Valles"]
[Date "2008.07.10"]
[Round "6"]
[White "Ridameya Tatche, Jose Miguel"]
[Black "Sadrija, Enver"]
[Result "0-1"]
[WhiteElo "2133"]
[BlackElo "2265"]
[PlyCount "114"]
[EventDate "2008.07.??"]
[EventType "swiss"]
[EventRounds "9"]
[EventCountry "ESP"]
[SourceDate "2008.07.04"]

1. e4 c5 2. Nf3 g6 3. c4 Bg7 4. d4 b6 5. Nc3 Bb7 6. Be3 Nf6 7. d5 d6 8. h3 Na6
9. Qd2 Nc7 10. Bh6 Bxh6 11. Qxh6 e5 12. Be2 Qe7 13. Nd2 Bc8 14. O-O g5 15. Qxg5
Rg8 16. Qh4 Nfxd5 17. Qxe7+ Nxe7 18. Kh2 Ng6 19. g3 Ne6 20. Nd5 Kd8 21. f4 exf4
22. gxf4 Nd4 23. Bh5 Bb7 24. f5 Ne5 25. Rg1 Rxg1 26. Rxg1 Bxd5 27. cxd5 Ke7 28.
Rg7 Rh8 29. Rg3 Kf6 30. h4 c4 31. Kg1 b5 32. Ra3 b4 33. Ra4 Rb8 34. Bd1 a5 35.
Kf2 c3 36. bxc3 bxc3 37. Rxd4 Rb2 38. a4 c2 39. Bxc2 Rxc2 40. Ke2 h5 41. Kd1
Rc3 42. Ke2 Ke7 43. Nf1 Rh3 44. Rd1 Rxh4 45. Nd2 Rh2+ 46. Ke3 Rh3+ 47. Ke2 Ra3
48. Rh1 Ra2 49. Ke3 h4 50. Rb1 Rxa4 51. Rb7+ Kd8 52. Rb8+ Kc7 53. Rh8 Ra2 54.
Nf1 h3 55. Nd2 h2 56. Nf1 a4 57. Kd4 Rf2 0-1

[Event "Barbera del Valles"]
[Site "XXXI Open del Valles"]
[Date "2008.07.10"]
[Round "6"]
[White "Losada Cabrera, Francisco Javier"]
[Black "Ortega Serra, Marc"]
[Result "1-0"]
[WhiteElo "2165"]
[BlackElo "1974"]
[PlyCount "147"]
[EventDate "2008.07.??"]
[EventType "swiss"]
[EventRounds "9"]
[EventCountry "ESP"]
[SourceDate "2008.07.04"]

1. e4 e6 2. d3 d5 3. Nd2 Nf6 4. Ngf3 c5 5. g3 Nc6 6. Bg2 b6 7. O-O Bb7 8. Re1
Be7 9. c3 Qc7 10. Qe2 O-O-O 11. Ng5 Rhf8 12. Bh3 dxe4 13. dxe4 Nd7 14. Ngf3 h5
15. Nc4 Kb8 16. Rd1 Ba6 17. Bf4 e5 18. Rxd7 Rxd7 19. Nfxe5 Rd6 20. Nd7+ Kb7 21.
Nxf8 Bxf8 22. Nxd6+ Bxd6 23. Bxd6 Qxd6 24. Rd1 Nd4 25. Bc8+ Kc7 26. Rxd4 Bxe2
27. Rxd6 Kxd6 28. f4 Bd3 29. Bb7 b5 30. b4 Bc4 31. a3 Kc7 32. Ba6 cxb4 33. cxb4
Bd3 34. Kf2 Bxe4 35. Bxb5 Kd6 36. Ke3 Bb7 37. h4 Ke6 38. Be2 g6 39. Bf3 Bxf3
40. Kxf3 Kd5 41. Ke3 Kc4 42. Ke4 Kb3 43. Ke5 Kxa3 44. Kf6 Kxb4 45. Kxf7 a5 46.
Kxg6 a4 47. f5 a3 48. f6 a2 49. f7 a1=Q 50. f8=Q+ Kc4 51. Qf4+ Kd5 52. Kxh5 Ke6
53. g4 Qb1 54. Kh6 Qb2 55. Qf5+ Kd6 56. h5 Qh8+ 57. Kg5 Ke7 58. Qc5+ Ke6 59.
Qc6+ Ke7 60. Qc5+ Ke6 61. Qf5+ Ke7 62. h6 Qg8+ 63. Kh5 Qe8+ 64. Qg6 Qa8 65.
Qg5+ Kf7 66. Qf5+ Ke7 67. h7 Qh8 68. g5 Qe8+ 69. Qg6 Qb5 70. Qf6+ Kd7 71. Qf7+
Kd6 72. h8=Q Qe2+ 73. Kg6 Qe4+ 74. Qf5 1-0

[Event "Barbera del Valles"]
[Site "XXXI Open del Valles"]
[Date "2008.07.10"]
[Round "6"]
[White "Companyo Pagerols, Josep Maria"]
[Black "Villa Izquierdo, Roberto"]
[Result "0-1"]
[WhiteElo "2090"]
[BlackElo "2161"]
[PlyCount "126"]
[EventDate "2008.07.??"]
[EventType "swiss"]
[EventRounds "9"]
[EventCountry "ESP"]
[SourceDate "2008.07.04"]

1. f4 e5 2. fxe5 d6 3. exd6 Bxd6 4. Nf3 Bg4 5. e4 Qe7 6. Nc3 f5 7. Qe2 Nc6 8.
exf5 Ne5 9. Nd5 Nxf3+ 10. gxf3 Bxf3 11. Nxe7 Bxe2 12. Bxe2 Nxe7 13. Bh5+ Kd8
14. f6 gxf6 15. d4 Ng6 16. Be3 f5 $11 17. O-O-O Kd7 18. Rdf1 Raf8 19. Bh6 Rf7
20. Rf2 Bf8 21. Bd2 Bd6 22. Rhf1 f4 23. c4 c6 24. Kc2 Kd8 25. h3 Rf5 26. Bg4
Rg5 27. Re1 h5 28. Be6 Rf8 29. c5 Bc7 30. Bc4 Rg3 31. Re6 f3 32. Bf1 Kd7 33.
Re4 h4 34. Bc4 Rf6 35. Bh6 Rg2 36. Rxg2 fxg2 37. Rg4 Bg3 38. Be3 Nf4 39. Bd3
Nxd3 40. Kxd3 Rf1 41. d5 cxd5 42. Kd2 g1=Q 43. Bxg1 Rxg1 44. Kd3 Rg2 45. b4
Rxa2 46. b5 Ra3+ 47. Kc2 Re3 48. Rg5 Re5 49. Rg6 Bf2 50. Rh6 Bxc5 51. Rxh4 Be7
52. Rh6 d4 53. b6 a5 54. Kd3 Bc5 55. Kc4 a4 56. Rh8 a3 57. Ra8 Kc6 58. h4 Kxb6
59. Kb3 Rh5 60. Re8 Rxh4 61. Re2 Kb5 62. Rd2 Rh3+ 63. Ka2 Kc4 0-1

[Event "Barbera del Valles"]
[Site "XXXI Open del Valles"]
[Date "2008.07.10"]
[Round "6"]
[White "Moreto Quintana, Alex"]
[Black "Costa Trave, Jaume"]
[Result "0-1"]
[WhiteElo "2124"]
[BlackElo "2027"]
[PlyCount "48"]
[EventDate "2008.07.??"]
[EventType "swiss"]
[EventRounds "9"]
[EventCountry "ESP"]
[SourceDate "2008.07.04"]

1. d4 d5 2. c4 e5 3. dxe5 d4 4. Nf3 c5 5. e3 Nc6 6. Be2 Bf5 7. Qa4 Be7 8. O-O
Kf8 9. a3 g5 10. Rd1 g4 11. Ne1 Nxe5 12. exd4 cxd4 13. Be3 Nc6 14. f3 h5 15.
Bf2 Qc7 16. Nd2 Bd6 17. Nf1 Nf6 18. Ng3 Bg6 19. c5 Bxc5 20. Rac1 Bb6 21. Bb5 h4
22. Bxc6 hxg3 23. Bxg3 Qxg3 24. hxg3 d3+ 0-1

[Event "Barbera del Valles"]
[Site "XXXI Open del Valles"]
[Date "2008.07.10"]
[Round "6"]
[White "Bardera Gil, Sergi"]
[Black "Albets Armengol, Roland"]
[Result "0-1"]
[WhiteElo "2101"]
[BlackElo "1979"]
[PlyCount "62"]
[EventDate "2008.07.??"]
[EventType "swiss"]
[EventRounds "9"]
[EventCountry "ESP"]
[SourceDate "2008.07.04"]

1. e4 g6 2. d4 d6 3. f4 Nf6 4. Bd3 Bg7 5. Nf3 O-O 6. O-O Nbd7 7. Kh1 c5 8. c3
b6 9. Qe1 e6 10. h3 Bb7 11. g4 Qe7 12. Nbd2 cxd4 13. cxd4 e5 14. f5 exd4 15. g5
Nh5 16. Qh4 Be5 17. f6 Qe6 18. Nxe5 Nxe5 19. Be2 d5 20. Bxh5 gxh5 21. Qxh5 Kh8
22. Kg1 dxe4 23. Rf4 Ng6 24. Rf1 e3 25. Nf3 Qe4 26. Bxe3 Qxe3+ 27. Rf2 Bxf3 28.
Qxf3 Qxg5+ 29. Kh1 Qe3 30. Qf5 Rae8 31. h4 Re5 0-1

[Event "Barbera del Valles"]
[Site "XXXI Open del Valles"]
[Date "2008.07.11"]
[Round "7"]
[White "Gonzalez Vidal, Yuri"]
[Black "Bruzon Batista, Lazaro"]
[Result "0-1"]
[WhiteElo "2464"]
[BlackElo "2592"]
[PlyCount "90"]
[EventDate "2008.07.??"]
[EventType "swiss"]
[EventRounds "9"]
[EventCountry "ESP"]
[SourceDate "2008.07.04"]

1. e4 c5 2. Nf3 d6 3. d4 cxd4 4. Nxd4 Nf6 5. Nc3 a6 6. Be3 e6 7. Be2 Nbd7 8.
Qd2 b5 9. a3 Bb7 10. f3 Rc8 11. O-O-O Be7 12. Kb1 O-O 13. g4 Nb6 14. g5 Nfd7
15. h4 d5 16. exd5 b4 17. axb4 Bxb4 18. Nc6 Bxc3 19. Nxd8 Bxd2 20. Bxb6 Bxd5
21. Bf2 Bb4 22. c4 Bxf3 23. Bxf3 Rcxd8 24. Bb7 Nc5 25. Bxc5 Bxc5 26. Bxa6 f5
27. gxf6 gxf6 28. Kc2 e5 29. Bb7 f5 30. Rxd8 Rxd8 31. Rd1 Rxd1 32. Kxd1 Kf7 33.
Ke2 e4 34. b4 Bd4 35. Kf1 Kf6 36. Kg2 Ke5 37. c5 f4 38. h5 f3+ 39. Kg3 Kf5 40.
c6 Be5+ 41. Kf2 Kf4 42. Ba6 e3+ 43. Ke1 Kg4 44. Bd3 Kxh5 45. b5 Bc7 0-1